| 000 | 01171nam a2200313 a 4500 | ||
|---|---|---|---|
| 001 | 000109672 | ||
| 003 | CHAP | ||
| 005 | 20220329144059.0 | ||
| 008 | 140519s2014 mx sm |||||||spa d | ||
| 010 | _a106134 | ||
| 011 | _a107106 | ||
| 040 | _cCHAP | ||
| 090 | _aTesis | ||
| 100 | 1 |
_aMartínez Castellanos, Telésforo _971903 |
|
| 245 | 1 | 0 |
_aMetodología para la selección y aplicación de sistemas fotovoltaicos a invernaderos _h[En línea] _cpor Telésforo Martínez Castellanos. |
| 260 |
_aChapingo, Méx. : _bEl autor, _c2014. |
||
| 500 | _aPara ver el contenido del material haga clic en la liga | ||
| 502 | _aTesis (MC. en Ingeniería Agrícola y Uso Integral del Agua) -- UACH. Departamento de Mecánica Agrícola y Departamento de Irrigación | ||
| 590 |
_aBATCH-UPD _b05 _c20141002 _lUCH01 _h0904 |
||
| 590 |
_aE5765TAJ _b05 _c20140519 _lUCH01 _h1331 |
||
| 590 |
_aE5765TAJ _b05 _c20140519 _lUCH01 _h1332 |
||
| 650 | 1 | 4 |
_aEnergía renovable. _936910 |
| 650 | 1 | 4 |
_aEnergía solar. _936911 |
| 650 | 1 | 4 |
_aInvernaderos. _960172 |
| 856 |
_aFinding aid _uhttp://10.13.5.2/tesis/sist109672.pdf _zTeclea aquí |
||
| 901 | _aBK | ||
| 942 | _cTESIS | ||
| 942 | _n0 | ||
| 999 |
_c106134 _d106134 |
||